书目信息 |
| 题名: |
三角学辞典
|
|
| 作者: | 世部贞市郎 编 | |
| 分册: | ||
| 出版信息: | 上海 上海教育出版社 1983.11 |
|
| 页数: | 748页 | |
| 开本: | 32开 | |
| 丛书名: | ||
| 单 册: | ||
| 中图分类: | O124-61 | |
| 科图分类: | ||
| 主题词: | 初等数学 | |
| 电子资源: | ||
| ISBN: | ||
| 000 | 00543nam0 2200193 45 | |
| 001 | 0006101710 | |
| 005 | 20000610175825.7 | |
| 010 | @d4.20元 | |
| 100 | @a20000610d1983 km y0chiy0120 ea | |
| 101 | 0 | @achi |
| 105 | @a z 000yy | |
| 200 | 1 | @a三角学辞典@ASan Jiao Xue Ci Dian@f(日)世部贞市郎编@F(Ri)Shi Bu Zhen Shi Lang Bian |
| 210 | @a上海@c上海教育出版社@d1983.11 | |
| 215 | @a748页@d32开 | |
| 606 | 0 | @a初等数学 |
| 690 | @aO124-61@v3 | |
| 701 | 0 | @a世部贞市郎@4编 |
| 801 | @aCN@bPftUser@c20000610 | |
| 905 | @b201247-248@dO124-61@eSH933@f2 | |
| 三角学辞典/(日)世部贞市郎编.-上海:上海教育出版社,1983.11 |
| 748页;32开 |
| ISBN :4.20元 |
| ● |
| 相关链接 |
|
|
|
正题名:三角学辞典
索取号:O124-61/SH933
 
预约/预借
| 序号 | 登录号 | 条形码 | 馆藏地/架位号 | 状态 | 备注 |
| 1 | 201247 | 202012473 | 自科库401/401自科库 105排9列3层/ [索取号:O124-61/SH933] | 在馆 | |
| 2 | 201248 | 202012482 | 自科库401/401自科库 105排9列3层/ [索取号:O124-61/SH933] |
已借出,限还日期为2024.04.26 借出人:马千里 |